Britanica Junior Encyclopaedia For Boys and Girls 12

Bibliographic Details
Format: Book
Language:Undetermined
PhysicalDescription:268 s.
Published: London Encyclopaedia Britanica 1971

MARC

LEADER 00000nam a2200000 a 4500
001 vtls001426821
003 SK-MaSNL
005 20260223221740.0
008 020110s1971 xx 0 und
035 |a SNK000381779 
040 |a SNK  |b slo  |c SNK  |e AACR2 
245 1 |a Britanica Junior Encyclopaedia  |b For Boys and Girls 12 
260 |a London  |b Encyclopaedia Britanica  |c 1971 
300 |a 268 s. 
999 |c 727113  |d 729043 
952 |t snkBRI/11 030  |a SNKUST  |b SNKUST  |y PREZ  |7 0  |p 17A0296783  |o prac.  |i snkOKIS 135/1990  |0 0  |1 0  |4 0  |d 2002-01-10  |l 0  |r 2025-03-19 00:00:00  |w 2026-02-23